[Event "Klaksvík 100 International 2008"]
[Site "Klaksvik FAI"]
[Date "2008.10.11"]
[Round "1.1"]
[White "Olsen, Heini"]
[Black "Jones, Gawain C B"]
[Result "1/2-1/2"]
[WhiteElo "2376"]
[BlackElo "2548"]
[PlyCount "66"]
[EventDate "2008.10.11"]
[EventType "team"]
[EventRounds "9"]
[EventCountry "FAI"]
[EventCategory "8"]
[Source "lmi"]
[SourceDate "2008.10.11"]

1. Nf3 Nf6 2. c4 g6 3. g3 Bg7 4. Bg2 O-O 5. O-O d6 6. Nc3 e5 7. d3 Nc6 8. Rb1
a5 9. a3 h6 10. b4 axb4 11. axb4 Be6 12. b5 Ne7 13. Bb2 Nd7 14. e4 Nc5 15. Re1
f5 16. exf5 Bxf5 17. Ne4 Bxe4 18. dxe4 Qd7 19. Re3 Qe6 20. Qc2 Ra4 21. Bf1 Rfa8
22. Nd2 h5 23. Nb3 b6 24. Nxc5 bxc5 25. h4 Nc8 26. Ree1 Nb6 27. Ra1 Qc8 28.
Rxa4 Rxa4 29. Ra1 Rxa1 30. Bxa1 Qa8 31. Bc3 Kf7 32. Bd3 Qa3 33. Qb2 Qxb2
1/2-1/2

[Event "Klaksvík 100 International 2008"]
[Site "Klaksvik FAI"]
[Date "2008.10.11"]
[Round "1.2"]
[White "Grabarczyk, Miroslaw"]
[Black "Poulsen, Martin"]
[Result "0-1"]
[WhiteElo "2516"]
[BlackElo "2281"]
[PlyCount "69"]
[EventDate "2008.10.11"]
[EventType "team"]
[EventRounds "9"]
[EventCountry "FAI"]
[EventCategory "8"]
[Source "lmi"]
[SourceDate "2008.10.11"]

1. d4 d6 2. Nf3 g6 3. g3 Bg7 4. Bg2 Nd7 5. c4 e5 6. Nc3 Ne7 7. O-O O-O 8. e4
Nb6 9. dxe5 Nxc4 10. exd6 Qxd6 11. Qc2 Qc5 12. Bg5 Nc6 13. Nd5 Nb4 14. Nxb4
Qxb4 15. Rac1 Nxb2 16. Qxc7 Qxe4 17. Be7 Re8 18. Bf6 Bxf6 19. Rfe1 Qa4 20. Nd2
Rxe1+ 21. Rxe1 Qd7 22. Qc2 Rb8 23. Ne4 Bg7 24. Ng5 h6 25. Nxf7 Qxf7 26. Qc5 Nd3
27. Qxa7 Nxe1 28. Qxb8 Qf8 29. Bxb7 Bxb7 30. Qxb7 Qf3 31. Qxf3 Nxf3+ 32. Kg2
Nd2 33. f4 Bd4 34. a4 Bb6 35. g4 0-1

[Event "Klaksvík 100 International 2008"]
[Site "Klaksvik FAI"]
[Date "2008.10.11"]
[Round "1.3"]
[White "Akesson, Ralf"]
[Black "Sammalvuo, Tapani"]
[Result "1/2-1/2"]
[WhiteElo "2484"]
[BlackElo "2464"]
[PlyCount "59"]
[EventDate "2008.10.11"]
[EventType "team"]
[EventRounds "9"]
[EventCountry "FAI"]
[EventCategory "8"]
[Source "lmi"]
[SourceDate "2008.10.11"]

1. Nf3 Nf6 2. c4 e6 3. g3 d5 4. Bg2 Be7 5. d4 O-O 6. O-O dxc4 7. Qc2 a6 8. a4
Bd7 9. Qxc4 Bc6 10. Bg5 Bd5 11. Qd3 c5 12. Nc3 Bc6 13. Rfd1 cxd4 14. Nxd4 Bxg2
15. Kxg2 Qa5 16. Ne4 Nbd7 17. Nb3 Qb4 18. Nxf6+ Nxf6 19. Bd2 Qb6 20. Rac1 Rfd8
21. Qf3 Rd5 22. Be1 Rxd1 23. Rxd1 Rc8 24. Ba5 Qc6 25. Rc1 Qxf3+ 26. Kxf3 Rxc1
27. Nxc1 Nd7 28. Nd3 Nc5 29. Nxc5 Bxc5 30. g4 1/2-1/2

[Event "Klaksvík 100 International 2008"]
[Site "Klaksvik FAI"]
[Date "2008.10.11"]
[Round "1.4"]
[White "Lund, Esben"]
[Black "Semcesen, Daniel"]
[Result "1/2-1/2"]
[WhiteElo "2425"]
[BlackElo "2402"]
[PlyCount "73"]
[EventDate "2008.10.11"]
[EventType "team"]
[EventRounds "9"]
[EventCountry "FAI"]
[EventCategory "8"]
[Source "lmi"]
[SourceDate "2008.10.11"]

1. d4 d5 2. c4 dxc4 3. Nf3 a6 4. a4 Nf6 5. e3 Bg4 6. Bxc4 e6 7. h3 Bh5 8. O-O
Nc6 9. b3 Bd6 10. Bb2 O-O 11. Nbd2 Qe7 12. Re1 Rad8 13. e4 Bb4 14. g4 Bg6 15.
d5 Na5 16. Re3 Nxc4 17. bxc4 Nd7 18. Nf1 c6 19. Qe2 Bc5 20. Bd4 Bxd4 21. Nxd4
exd5 22. exd5 Qf6 23. Rd1 cxd5 24. cxd5 Nb6 25. Ne6 fxe6 26. Rxe6 Qf7 27. Rxb6
Rxd5 28. Rxd5 Qxd5 29. Ne3 Qe4 30. Qc4+ Qxc4 31. Nxc4 Rf4 32. Nd6 Rxa4 33. Rxb7
h6 34. Nf5 Bxf5 35. gxf5 Rf4 36. Ra7 Rxf5 37. Rxa6 1/2-1/2

[Event "Klaksvík 100 International 2008"]
[Site "Klaksvik FAI"]
[Date "2008.10.11"]
[Round "1.5"]
[White "Berg, Olaf"]
[Black "Sulskis, Sarunas"]
[Result "0-1"]
[WhiteElo "2227"]
[BlackElo "2572"]
[PlyCount "108"]
[EventDate "2008.10.11"]
[EventType "team"]
[EventRounds "9"]
[EventCountry "FAI"]
[EventCategory "8"]
[Source "lmi"]
[SourceDate "2008.10.11"]

1. e4 Nf6 2. e5 Nd5 3. Nf3 c5 4. Nc3 Nc7 5. d4 cxd4 6. Qxd4 Nc6 7. Qh4 Ne6 8.
Be3 Qa5 9. O-O-O a6 10. Nd5 Qxa2 11. Bc4 Qa1+ 12. Kd2 Qa5+ 13. b4 Nxb4 14. Ra1
Qxd5+ 15. Bxd5 Nxd5 16. Qc4 Nxe3 17. fxe3 g6 18. h4 b5 19. Qb4 h5 20. Nd4 Nxd4
21. exd4 Bb7 22. c4 e6 23. Qb3 Bxg2 24. Rh2 bxc4 25. Qxc4 Bd5 26. Qd3 Rc8 27.
Ke3 Bh6+ 28. Kf2 O-O 29. Kg3 Rb8 30. Rb1 a5 31. Rf2 a4 32. Rfb2 Rxb2 33. Rxb2
Ra8 34. Rb6 a3 35. Ra6 a2 36. Rxa8+ Bxa8 37. Qc3 Bd5 38. Qb2 Bd2 39. Qa1 Bb4
40. Qb2 Bb3 41. Qc1 d6 42. Qa1 Kg7 43. Qb2 dxe5 44. dxe5 Be7 45. Qd4 Bd5 46.
Qc3 Bd8 47. Kh3 f6 48. Qd4 Kf7 49. Qa7+ Be7 50. exf6 Kxf6 51. Qc7 a1=Q 52. Qf4+
Kg7 53. Qe5+ Bf6 54. Qc7+ Kh6 0-1

[Event "Klaksvík 100 International 2008"]
[Site "Klaksvik FAI"]
[Date "2008.10.12"]
[Round "2.1"]
[White "Jones, Gawain C B"]
[Black "Sulskis, Sarunas"]
[Result "0-1"]
[WhiteElo "2548"]
[BlackElo "2572"]
[PlyCount "50"]
[EventDate "2008.10.11"]
[EventType "team"]
[EventRounds "9"]
[EventCountry "FAI"]
[EventCategory "8"]
[Source "lmi"]
[SourceDate "2008.10.11"]

1. e4 c6 2. d4 d5 3. e5 Bf5 4. g4 Be4 5. f3 Bg6 6. Nh3 e6 7. Nf4 Qh4+ 8. Ke2 c5
9. c3 Nc6 10. Be3 Qd8 11. a3 Nge7 12. b4 cxd4 13. cxd4 Rc8 14. Kf2 h5 15. Nd2
hxg4 16. fxg4 Nxe5 17. dxe5 d4 18. Bb5+ Nc6 19. Nxg6 dxe3+ 20. Ke2 exd2 21.
Nxh8 Qd5 22. Bxc6+ Rxc6 23. Kf2 Rc3 24. Qe2 Be7 25. Rhf1 Bd8 0-1

[Event "Klaksvík 100 International 2008"]
[Site "Klaksvik FAI"]
[Date "2008.10.12"]
[Round "2.2"]
[White "Semcesen, Daniel"]
[Black "Berg, Olaf"]
[Result "1-0"]
[WhiteElo "2402"]
[BlackElo "2227"]
[PlyCount "83"]
[EventDate "2008.10.11"]
[EventType "team"]
[EventRounds "9"]
[EventCountry "FAI"]
[EventCategory "8"]
[Source "lmi"]
[SourceDate "2008.10.11"]

1. d4 e6 2. Nf3 Nf6 3. c4 c5 4. d5 exd5 5. cxd5 d6 6. e4 Be7 7. Bd3 O-O 8. h3
b5 9. O-O Nbd7 10. Re1 Rb8 11. a3 Ne8 12. Nc3 a6 13. Bf4 Bf6 14. Qd2 c4 15. Bc2
a5 16. Nd4 b4 17. axb4 axb4 18. Nd1 Qb6 19. Nc6 Rb7 20. Be3 Nc5 21. Qe2 Bd7 22.
Qxc4 Bxc6 23. dxc6 Re7 24. f4 Qxc6 25. Bf2 b3 26. Bb1 Rc7 27. g3 Qb7 28. Ra3
Qc8 29. Kg2 Rb7 30. Re2 Qe6 31. Ne3 Nc7 32. Qxe6 fxe6 33. Nc4 Be7 34. Ra5 Rb5
35. Ra7 Rc8 36. e5 dxe5 37. Rxe5 Nd5 38. Rxe7 Nxe7 39. Nd6 Rcb8 40. Nxb5 Nd7
41. Rxe6 Kf7 42. Nd4 1-0

[Event "Klaksvík 100 International 2008"]
[Site "Klaksvik FAI"]
[Date "2008.10.12"]
[Round "2.3"]
[White "Sammalvuo, Tapani"]
[Black "Lund, Esben"]
[Result "1/2-1/2"]
[WhiteElo "2464"]
[BlackElo "2425"]
[PlyCount "31"]
[EventDate "2008.10.11"]
[EventType "team"]
[EventRounds "9"]
[EventCountry "FAI"]
[EventCategory "8"]
[Source "lmi"]
[SourceDate "2008.10.11"]

1. d4 Nf6 2. c4 e6 3. g3 c5 4. Nf3 b6 5. Bg2 Bb7 6. d5 exd5 7. Nh4 g6 8. Nc3
Bg7 9. Nxd5 Nxd5 10. Bxd5 Bxd5 11. Qxd5 Nc6 12. O-O Qe7 13. Ng2 Qe6 14. Nf4
Qxd5 15. Nxd5 O-O-O 16. Rb1 1/2-1/2

[Event "Klaksvík 100 International 2008"]
[Site "Klaksvik FAI"]
[Date "2008.10.12"]
[Round "2.4"]
[White "Poulsen, Martin"]
[Black "Akesson, Ralf"]
[Result "0-1"]
[WhiteElo "2281"]
[BlackElo "2484"]
[PlyCount "62"]
[EventDate "2008.10.11"]
[EventType "team"]
[EventRounds "9"]
[EventCountry "FAI"]
[EventCategory "8"]
[Source "lmi"]
[SourceDate "2008.10.11"]

1. g3 d5 2. Bg2 e5 3. d3 Nf6 4. Nd2 c6 5. a3 Bd6 6. c4 a5 7. cxd5 cxd5 8. e4
O-O 9. exd5 Bc7 10. Ne2 Nxd5 11. O-O Nc6 12. d4 Bg4 13. Nf3 e4 14. Ng5 e3 15.
f3 Bh5 16. Ne4 Re8 17. Qd3 f5 18. N4c3 f4 19. Qf5 Nf6 20. Rd1 Bg6 21. Qb5 Bc2
22. Re1 a4 23. Qc4+ Kh8 24. Nxf4 Bb3 25. Qf1 Bxf4 26. gxf4 Qxd4 27. Qe2 Bc4 28.
Qd1 Qxf4 29. Ne4 Rxe4 30. fxe4 Ng4 31. Qf3 Qxh2# 0-1

[Event "Klaksvík 100 International 2008"]
[Site "Klaksvik FAI"]
[Date "2008.10.12"]
[Round "2.5"]
[White "Olsen, Heini"]
[Black "Grabarczyk, Miroslaw"]
[Result "1/2-1/2"]
[WhiteElo "2376"]
[BlackElo "2516"]
[PlyCount "43"]
[EventDate "2008.10.11"]
[EventType "team"]
[EventRounds "9"]
[EventCountry "FAI"]
[EventCategory "8"]
[Source "lmi"]
[SourceDate "2008.10.11"]

1. d4 d5 2. c4 e6 3. Nf3 Nf6 4. Nc3 Be7 5. Bg5 O-O 6. e3 h6 7. Bh4 Ne4 8. Bxe7
Qxe7 9. Rc1 c6 10. Bd3 Nxc3 11. Rxc3 Nd7 12. O-O dxc4 13. Bxc4 b6 14. Bd3 c5
15. Be4 Rb8 16. Qc2 Nf6 17. dxc5 Nxe4 18. Qxe4 bxc5 19. b3 Bb7 20. Qe5 Bxf3 21.
gxf3 Rbc8 22. Rd1 1/2-1/2

[Event "Klaksvík 100 International 2008"]
[Site "Klaksvik FAI"]
[Date "2008.10.13"]
[Round "3.1"]
[White "Grabarczyk, Miroslaw"]
[Black "Jones, Gawain C B"]
[Result "0-1"]
[WhiteElo "2516"]
[BlackElo "2548"]
[PlyCount "82"]
[EventDate "2008.10.11"]
[EventType "team"]
[EventRounds "9"]
[EventCountry "FAI"]
[EventCategory "8"]
[Source "lmi"]
[SourceDate "2008.10.11"]

1. d4 Nf6 2. c4 g6 3. Nf3 Bg7 4. g3 O-O 5. Bg2 d6 6. Nc3 Nbd7 7. O-O e5 8. e4
exd4 9. Nxd4 Re8 10. h3 a6 11. Re1 Rb8 12. Bf4 Ne5 13. b3 c5 14. Nf3 Nfd7 15.
Rc1 Nxf3+ 16. Qxf3 Ne5 17. Qe2 Nc6 18. Qd3 Nd4 19. Ne2 b5 20. Nxd4 Bxd4 21. Qd2
Be6 22. Bf1 bxc4 23. Bxc4 Bxh3 24. Bxa6 Qf6 25. Kh2 Bg4 26. Be2 h5 27. f3 Bd7
28. Kg2 Ra8 29. Bc4 h4 30. a4 Be6 31. gxh4 Bxc4 32. Bg5 Qe6 33. Rxc4 d5 34.
Rcc1 dxe4 35. Rxe4 Qxb3 36. Rxe8+ Rxe8 37. Qc2 Qb7 38. Rb1 Qa6 39. Rb5 Re1 40.
Bf4 Qe6 41. Qd3 Qa2+ 0-1

[Event "Klaksvík 100 International 2008"]
[Site "Klaksvik FAI"]
[Date "2008.10.13"]
[Round "3.2"]
[White "Akesson, Ralf"]
[Black "Olsen, Heini"]
[Result "1-0"]
[WhiteElo "2484"]
[BlackElo "2376"]
[PlyCount "65"]
[EventDate "2008.10.11"]
[EventType "team"]
[EventRounds "9"]
[EventCountry "FAI"]
[EventCategory "8"]
[Source "lmi"]
[SourceDate "2008.10.11"]

1. d4 d5 2. c4 c6 3. Nf3 Nf6 4. Qc2 dxc4 5. Qxc4 Bf5 6. g3 e6 7. Bg2 Nbd7 8.
O-O Be7 9. Nc3 O-O 10. Qb3 Qb6 11. Nd2 Qxd4 12. Qxb7 Rab8 13. Qa6 Nd5 14. e4
Nc5 15. Qa5 Nb4 16. exf5 Bd8 17. Qxa7 Bb6 18. Qe7 Nc2 19. Nf3 Qc4 20. Ne5 Qa6
21. Qh4 exf5 22. Nxc6 Nxa1 23. Bf4 Rbe8 24. Nb4 Qc4 25. Bd6 Ne4 26. Nxe4 fxe4
27. Rxa1 Bd8 28. Qf4 Be7 29. Bxe4 g6 30. Bxe7 Rxe7 31. Nd5 Re6 32. Bf3 Qc2 33.
Qd4 1-0

[Event "Klaksvík 100 International 2008"]
[Site "Klaksvik FAI"]
[Date "2008.10.13"]
[Round "3.3"]
[White "Lund, Esben"]
[Black "Poulsen, Martin"]
[Result "1-0"]
[WhiteElo "2425"]
[BlackElo "2281"]
[PlyCount "71"]
[EventDate "2008.10.11"]
[EventType "team"]
[EventRounds "9"]
[EventCountry "FAI"]
[EventCategory "8"]
[Source "lmi"]
[SourceDate "2008.10.11"]

1. d4 g6 2. e4 Bg7 3. c4 d6 4. Nc3 Nd7 5. Nf3 e5 6. Be2 Ne7 7. h4 h6 8. h5 g5
9. d5 f5 10. exf5 Nxf5 11. g4 Ne7 12. Ne4 b5 13. b3 a5 14. Be3 Nf6 15. Nxf6+
Bxf6 16. Nd2 a4 17. Ne4 Bg7 18. cxb5 axb3 19. Qxb3 Bb7 20. Bc4 O-O 21. a4 Rf3
22. a5 Qd7 23. Rg1 Raf8 24. a6 Ba8 25. O-O-O R8f4 26. Be2 Rh3 27. Qc4 Qe8 28.
Rg3 Rh2 29. Bxf4 exf4 30. Ra3 Nc8 31. Qxc7 Rxf2 32. Nxf2 Qxe2 33. Qxc8+ Kh7 34.
Qf5+ Kh8 35. Qc8+ Kh7 36. Qc2+ 1-0

[Event "Klaksvík 100 International 2008"]
[Site "Klaksvik FAI"]
[Date "2008.10.13"]
[Round "3.4"]
[White "Berg, Olaf"]
[Black "Sammalvuo, Tapani"]
[Result "0-1"]
[WhiteElo "2227"]
[BlackElo "2464"]
[PlyCount "102"]
[EventDate "2008.10.11"]
[EventType "team"]
[EventRounds "9"]
[EventCountry "FAI"]
[EventCategory "8"]
[Source "lmi"]
[SourceDate "2008.10.11"]

1. e4 e6 2. d3 c5 3. g3 Nc6 4. Bg2 g6 5. Nf3 Bg7 6. c3 e5 7. Be3 d6 8. O-O Nge7
9. Qd2 O-O 10. Na3 b6 11. Bh6 Bxh6 12. Qxh6 f6 13. h4 Bg4 14. Nh2 Be2 15. Rfe1
Bxd3 16. c4 f5 17. f3 f4 18. Rad1 Nb4 19. gxf4 Rxf4 20. Ng4 Nec6 21. Re3 Bc2
22. Rd2 Nd4 23. b3 a6 24. Qg5 b5 25. Rc3 Bd1 26. Kf2 Qxg5 27. hxg5 Rxg4 28.
fxg4 Rf8+ 29. Ke1 Bxg4 30. Nb1 Rf4 31. a3 Nbc6 32. Rf2 b4 33. axb4 cxb4 34. Rd3
Rxf2 35. Kxf2 Na5 36. Nd2 Bd1 37. c5 dxc5 38. Nc4 Nxc4 39. Rxd1 Na3 40. Bf1 a5
41. Rd3 Kf8 42. Rh3 c4 43. bxc4 b3 44. Rxh7 Nac2 45. Bd3 a4 46. Rb7 a3 47. c5
a2 48. Ra7 a1=Q 49. Rxa1 Nxa1 50. Ke3 Nac2+ 51. Kd2 Nb4 0-1

[Event "Klaksvík 100 International 2008"]
[Site "Klaksvik FAI"]
[Date "2008.10.13"]
[Round "3.5"]
[White "Sulskis, Sarunas"]
[Black "Semcesen, Daniel"]
[Result "1-0"]
[WhiteElo "2572"]
[BlackElo "2402"]
[PlyCount "95"]
[EventDate "2008.10.11"]
[EventType "team"]
[EventRounds "9"]
[EventCountry "FAI"]
[EventCategory "8"]
[Source "lmi"]
[SourceDate "2008.10.11"]

1. e4 e5 2. Nf3 Nc6 3. Bb5 a6 4. Ba4 Nf6 5. O-O Be7 6. Re1 b5 7. Bb3 d6 8. c3
O-O 9. h3 a5 10. d4 a4 11. Bc2 Bd7 12. Nbd2 Re8 13. Nf1 h6 14. Ne3 Bf8 15. Nd5
Nh7 16. Bd3 Na5 17. b4 axb3 18. axb3 c6 19. Ne3 Nf6 20. dxe5 dxe5 21. Bb2 Qc7
22. b4 Nb7 23. Rxa8 Rxa8 24. c4 Bxb4 25. Bxe5 Qd8 26. Rf1 Nc5 27. Bxf6 Qxf6 28.
e5 Qe7 29. cxb5 Rd8 30. Bb1 g6 31. Qc1 Rb8 32. Nc2 Rxb5 33. Nxb4 Rxb4 34. Qxh6
Ne6 35. Ba2 Qf8 36. Qd2 Bc8 37. Re1 c5 38. Rc1 Kg7 39. Qc3 Nf4 40. e6+ f6 41.
Qe3 Qe7 42. Rxc5 Bxe6 43. Rc6 Kf7 44. Rxe6 Nxe6 45. Nd4 Rxd4 46. Qxd4 Qc7 47.
Qe3 Qd6 48. h4 1-0

[Event "Klaksvík 100 International 2008"]
[Site "Klaksvik FAI"]
[Date "2008.10.14"]
[Round "4.1"]
[White "Jones, Gawain C B"]
[Black "Semcesen, Daniel"]
[Result "1-0"]
[WhiteElo "2548"]
[BlackElo "2402"]
[PlyCount "103"]
[EventDate "2008.10.11"]
[EventType "team"]
[EventRounds "9"]
[EventCountry "FAI"]
[EventCategory "8"]
[Source "lmi"]
[SourceDate "2008.10.11"]

1. Nf3 d5 2. g3 Nf6 3. Bg2 Bg4 4. d3 Nbd7 5. h3 Bh5 6. g4 Bg6 7. Nh4 e6 8. e3
Ng8 9. Nxg6 hxg6 10. Nd2 c6 11. Qe2 Bd6 12. Nf3 Ne7 13. Bd2 Qb6 14. O-O-O Bb4
15. Bxb4 Qxb4 16. Ng5 Qd6 17. f4 Rf8 18. Nf3 O-O-O 19. Kb1 Kb8 20. h4 f6 21.
Qe1 Rh8 22. Qg3 Nb6 23. c3 c5 24. Rhe1 Nc6 25. d4 Na4 26. Qf2 f5 27. Ng5 c4 28.
Nf7 Qe7 29. Nxh8 Rxh8 30. h5 b5 31. hxg6 Rd8 32. Qc2 Qf6 33. gxf5 exf5 34. Bf3
Nb6 35. Rg1 Ne7 36. Rg5 Nbc8 37. Rh1 Kc7 38. Rh7 Kd6 39. Qh2 Ng8 40. Bxd5 Kxd5
41. e4+ Kc6 42. d5+ Kb6 43. Qg1+ Ka6 44. Rxf5 Qe7 45. Re5 Qf8 46. Re6+ Nb6 47.
Qd4 Qxf4 48. a4 Rd7 49. a5 Kxa5 50. Rxg7 Qf1+ 51. Ka2 Nf6 52. Rxf6 1-0

[Event "Klaksvík 100 International 2008"]
[Site "Klaksvik FAI"]
[Date "2008.10.14"]
[Round "4.2"]
[White "Sammalvuo, Tapani"]
[Black "Sulskis, Sarunas"]
[Result "1-0"]
[WhiteElo "2464"]
[BlackElo "2572"]
[PlyCount "141"]
[EventDate "2008.10.11"]
[EventType "team"]
[EventRounds "9"]
[EventCountry "FAI"]
[EventCategory "8"]
[Source "lmi"]
[SourceDate "2008.10.11"]

1. d4 Nf6 2. c4 e6 3. Nf3 d5 4. g3 dxc4 5. Qa4+ Nbd7 6. Bg2 a6 7. Qxc4 c5 8.
Qc2 cxd4 9. Nxd4 Bc5 10. Nb3 Bd6 11. O-O O-O 12. Bd2 Rb8 13. Na5 Ne5 14. Rd1 b6
15. Bf4 Nd5 16. Bxd5 bxa5 17. Be4 Qb6 18. Be3 Qc7 19. Rxd6 Qxd6 20. Bc5 Qd8 21.
Bxf8 Qxf8 22. Bxh7+ Kh8 23. Be4 f5 24. Bg2 Qb4 25. Nc3 Qxb2 26. Qxb2 Rxb2 27.
Rd1 Nd7 28. Bc6 Nb6 29. Rb1 Rxb1+ 30. Nxb1 e5 31. Nc3 Be6 32. Bb7 Bc4 33. e4 g6
34. exf5 gxf5 35. f3 Kg7 36. Kf2 Kf6 37. h4 Nd7 38. g4 Nc5 39. Bc8 f4 40. Bf5
Bf7 41. Be4 Nxe4+ 42. Nxe4+ Kg6 43. a3 Bc4 44. Nc5 Bb5 45. h5+ Kh6 46. Kg2 Be2
47. Ne4 Bd3 48. Nc5 Be2 49. Kf2 Bb5 50. Ne4 Bc6 51. Nd6 Kg5 52. h6 Kxh6 53.
Nf7+ Kg7 54. Nxe5 Bb5 55. g5 Ba4 56. Kg2 Bc2 57. Kh3 Bf5+ 58. Kh4 a4 59. Kh5
Kh7 60. Nc6 Bd7 61. Nd4 Kg7 62. Ne2 Bc6 63. Kg4 Bd7+ 64. Kxf4 Kg6 65. Nd4 a5
66. Nc2 Bf5 67. Ne3 Bc8 68. Ng4 Be6 69. Nf6 Bc8 70. Ne4 Bd7 71. Ke5 1-0

[Event "Klaksvík 100 International 2008"]
[Site "Klaksvik FAI"]
[Date "2008.10.14"]
[Round "4.3"]
[White "Poulsen, Martin"]
[Black "Berg, Olaf"]
[Result "1-0"]
[WhiteElo "2281"]
[BlackElo "2227"]
[PlyCount "93"]
[EventDate "2008.10.11"]
[EventType "team"]
[EventRounds "9"]
[EventCountry "FAI"]
[EventCategory "8"]
[Source "lmi"]
[SourceDate "2008.10.11"]

1. f4 d5 2. Nf3 Nf6 3. g3 g6 4. Bg2 Bg7 5. O-O O-O 6. d3 d4 7. c3 c5 8. Bd2 Nc6
9. Na3 Nd5 10. Qe1 b6 11. Nc2 Bb7 12. Rb1 Qd7 13. cxd4 cxd4 14. Qf2 Nc7 15. Ne5
Bxe5 16. fxe5 Ne6 17. Bh6 Ng7 18. Qf4 Rad8 19. Rbd1 Qe6 20. b3 Rd7 21. Rc1 f6
22. Rf2 f5 23. g4 Qxe5 24. Bxc6 Qxf4 25. Rxf4 Bxc6 26. Bxg7 Kxg7 27. Nxd4 Bd5
28. gxf5 g5 29. Rg4 Kf6 30. h4 h6 31. hxg5+ hxg5 32. Kf2 Rh8 33. Rcg1 Rh5 34.
e4 Bf7 35. Ke3 Rh3+ 36. R1g3 Rh2 37. Nf3 Rxa2 38. Rxg5 e6 39. Rg6+ Bxg6 40.
Rxg6+ Ke7 41. Rxe6+ Kf8 42. Ne5 Rh7 43. Rc6 Rh3+ 44. Kd4 Ke8 45. f6 Kd8 46.
Rd6+ Kc8 47. f7 1-0

[Event "Klaksvík 100 International 2008"]
[Site "Klaksvik FAI"]
[Date "2008.10.14"]
[Round "4.4"]
[White "Olsen, Heini"]
[Black "Lund, Esben"]
[Result "1/2-1/2"]
[WhiteElo "2376"]
[BlackElo "2425"]
[PlyCount "57"]
[EventDate "2008.10.11"]
[EventType "team"]
[EventRounds "9"]
[EventCountry "FAI"]
[EventCategory "8"]
[Source "lmi"]
[SourceDate "2008.10.11"]

1. d4 Nf6 2. c4 e6 3. Nf3 d5 4. Nc3 Bb4 5. Qa4+ Nc6 6. Ne5 Bd7 7. Nxd7 Qxd7 8.
a3 Bxc3+ 9. bxc3 Ne4 10. f3 Nd6 11. c5 Nc4 12. e4 N6a5 13. Qc2 O-O 14. Bd3 h6
15. e5 f6 16. exf6 Rxf6 17. O-O b6 18. cxb6 axb6 19. Ra2 Raf8 20. Qd1 Nd6 21.
Re2 Nac4 22. Rfe1 g5 23. a4 R8f7 24. Bc2 Rg7 25. Qd3 Nf5 26. Bb3 Nfd6 27. Bc2
Nf5 28. Bb3 Nfd6 29. Bc2 1/2-1/2

[Event "Klaksvík 100 International 2008"]
[Site "Klaksvik FAI"]
[Date "2008.10.14"]
[Round "4.5"]
[White "Grabarczyk, Miroslaw"]
[Black "Akesson, Ralf"]
[Result "1/2-1/2"]
[WhiteElo "2516"]
[BlackElo "2484"]
[PlyCount "21"]
[EventDate "2008.10.11"]
[EventType "team"]
[EventRounds "9"]
[EventCountry "FAI"]
[EventCategory "8"]
[Source "lmi"]
[SourceDate "2008.10.11"]

1. d4 Nf6 2. c4 e6 3. g3 Bb4+ 4. Bd2 Be7 5. Bg2 d5 6. Nf3 O-O 7. O-O c6 8. Qc2
b6 9. Bf4 Bb7 10. Rd1 Nbd7 11. Ne5 1/2-1/2

[Event "Klaksvík 100 International 2008"]
[Site "Klaksvik FAI"]
[Date "2008.10.15"]
[Round "5.1"]
[White "Akesson, Ralf"]
[Black "Jones, Gawain C B"]
[Result "1/2-1/2"]
[WhiteElo "2484"]
[BlackElo "2548"]
[PlyCount "96"]
[EventDate "2008.10.11"]
[EventType "team"]
[EventRounds "9"]
[EventCountry "FAI"]
[EventCategory "8"]
[Source "lmi"]
[SourceDate "2008.10.11"]

1. Nf3 Nf6 2. c4 g6 3. Nc3 Bg7 4. e4 d6 5. d4 O-O 6. Be2 e5 7. Be3 Ng4 8. Bg5
f6 9. Bh4 g5 10. Bg3 Nh6 11. dxe5 dxe5 12. Qxd8 Rxd8 13. Nd5 Na6 14. Ne7+ Kf7
15. Nxc8 Raxc8 16. Rd1 Nc5 17. Nd2 a5 18. b3 Bf8 19. O-O a4 20. f3 axb3 21.
Nxb3 Na4 22. Rxd8 Rxd8 23. Rc1 Ba3 24. Rc2 b6 25. h4 gxh4 26. Bxh4 Ng8 27. c5
Nxc5 28. Bc4+ Kg7 29. Bf2 Nxb3 30. axb3 Ne7 31. Bb5 Rd1+ 32. Kh2 Rc1 33. Rxc1
Bxc1 34. Kh3 Bb2 35. Bd7 Ng6 36. g3 Bd4 37. Be1 c5 38. Kg4 Be3 39. Kf5 Bg5 40.
Be8 Kf8 41. Bxg6 hxg6+ 42. Kxg6 Ke7 43. Kf5 Be3 44. f4 Bd4 45. fxe5 fxe5 46. g4
b5 47. Kg6 Be3 48. Kf5 Bd4 1/2-1/2

[Event "Klaksvík 100 International 2008"]
[Site "Klaksvik FAI"]
[Date "2008.10.15"]
[Round "5.2"]
[White "Lund, Esben"]
[Black "Grabarczyk, Miroslaw"]
[Result "1/2-1/2"]
[WhiteElo "2425"]
[BlackElo "2516"]
[PlyCount "74"]
[EventDate "2008.10.11"]
[EventType "team"]
[EventRounds "9"]
[EventCountry "FAI"]
[EventCategory "8"]
[Source "lmi"]
[SourceDate "2008.10.11"]

1. d4 d5 2. c4 e6 3. Nc3 Nf6 4. cxd5 exd5 5. Bg5 c6 6. e3 Bf5 7. Qf3 Be6 8.
Bxf6 Qxf6 9. Qxf6 gxf6 10. Bd3 Nd7 11. Nge2 Bd6 12. Ng3 h5 13. Nf5 Bc7 14. g3
Nb6 15. O-O-O Nc8 16. Rhe1 Bxf5 17. Bxf5 Nd6 18. Bd3 f5 19. h4 Ne4 20. Re2 Ke7
21. Rc2 Bd6 22. Bf1 Bb4 23. Nb1 a5 24. a3 Bd6 25. b3 Kf6 26. Kb2 Ra7 27. Nc3
Nxc3 28. Rxc3 Re8 29. Bg2 Ra6 30. Bf3 Kg6 31. Be2 Ra7 32. Rcc1 Rea8 33. Rc2 Re8
34. Bd3 Kf6 35. Ka2 Raa8 36. Be2 Kg6 37. Bf3 Ra6 1/2-1/2

[Event "Klaksvík 100 International 2008"]
[Site "Klaksvik FAI"]
[Date "2008.10.15"]
[Round "5.3"]
[White "Berg, Olaf"]
[Black "Olsen, Heini"]
[Result "0-1"]
[WhiteElo "2227"]
[BlackElo "2376"]
[PlyCount "60"]
[EventDate "2008.10.11"]
[EventType "team"]
[EventRounds "9"]
[EventCountry "FAI"]
[EventCategory "8"]
[Source "lmi"]
[SourceDate "2008.10.11"]

1. e4 c6 2. Nc3 d5 3. Nf3 Bg4 4. d4 e6 5. Be2 Nf6 6. h3 Bh5 7. Bg5 Be7 8. e5
Nfd7 9. Bxe7 Qxe7 10. Nd2 Bg6 11. O-O O-O 12. f4 c5 13. Nf3 Nc6 14. Kh2 f6 15.
exf6 Rxf6 16. g3 Raf8 17. Qd2 a6 18. Rae1 Qd6 19. Bd1 cxd4 20. Nxd4 e5 21. fxe5
Ndxe5 22. Rxf6 Rxf6 23. Nxc6 bxc6 24. Qd4 Re6 25. Kg2 Bf7 26. b3 h6 27. b4 Qb8
28. Rf1 Nc4 29. Qf4 Qb7 30. Kh2 Rf6 0-1

[Event "Klaksvík 100 International 2008"]
[Site "Klaksvik FAI"]
[Date "2008.10.15"]
[Round "5.4"]
[White "Sulskis, Sarunas"]
[Black "Poulsen, Martin"]
[Result "1-0"]
[WhiteElo "2572"]
[BlackElo "2281"]
[PlyCount "47"]
[EventDate "2008.10.11"]
[EventType "team"]
[EventRounds "9"]
[EventCountry "FAI"]
[EventCategory "8"]
[Source "lmi"]
[SourceDate "2008.10.11"]

1. e4 c5 2. Nf3 b6 3. d4 cxd4 4. Nxd4 Bb7 5. Nc3 a6 6. Bg5 d6 7. Bc4 Qc7 8. Qe2
b5 9. Bb3 h6 10. Bh4 Nd7 11. a4 bxa4 12. Rxa4 Nc5 13. Nd5 Qd8 14. O-O g5 15.
Bg3 e6 16. Rb4 exd5 17. Rxb7 Be7 18. Bxd5 Nxb7 19. Bxf7+ Kxf7 20. Qh5+ Kf6 21.
Qf3+ Kg6 22. Qf5+ Kh5 23. Qf7+ Kg4 24. h3# 1-0